Guess the sport by the position - Statistics

General Stats
  • This quiz has been taken 50 times
  • The average score is 7 of 9
Answer Stats
Hint Answer % Correct
Quaterback Football
100%
Goalie Soccer
98%
Shortstop Baseball
96%
Point Gaurd Basketball
91%
Libero Volleyball
87%
Right Defenseman Ice Hockey
85%
Hitter Cricket
80%
Forward 3 Rugby
54%
Server Pickleball
13%
No matching quizzes found
Score Distribution
Percent of People with Each Score
Percentile by Number Answered
Your Score History
You have not taken this quiz